000 00752cam a2200241 a 4500
001 000015155
005 20200929163953.0
008 720803s1972 nju b 001 0 eng
020 _a0691046085
040 _aDO-SdBNP
_beng
_cLC
_dBNPHU
050 0 0 _aJX1938
_b.B76
082 _a261.8/73
_bB864p
100 1 _aBrock, Peter,
_d1920-2006.
_934303
245 1 0 _aPacifism in Europe to 1914 /
_cPeter Brock.
260 _aPrinceton, New Jersey :
_bPrinceton University Press,
_c1972.
300 _ax, 556 p. ;
_c25 cm.
490 1 _aHistory of pacifism,
_vv. 1
504 _aBibliografía: p. 505-544.
650 0 _aPacifism
_xHistory.
_934304
830 0 _aHistory of pacifism,
_vv. 1
_934305
910 _aCatalogación por copia / LC
049 _aBNGR
999 _c14727
_d14727